Банковское дело: учебник для бакалавров

Dettagli Bibliografici
Autore principale: Костерина Т. М. Татьяна Михайловна
Ente Autore: Московский государственный университет экономики, статистики и информатики (МЭСИ)
Riassunto:Издание знакомит студентов с основами теории и практики современного банковского дела, особое внимание обращается на специфику становления и развития современной банковской и кредитно-финансовой систем России. Освоение изложенного материала в значительной степени рассчитано на самостоятельную работу студентов и слушателей вузов. Учебник должен служить навигатором в море обширной традиционной учебной, нормативно-правовой и научной литературы по вопросам функционирования банковской системы России. Соответствует Федеральному государственному образовательному стандарту высшего профессионального образования третьего поколения.
Lingua:russo
Pubblicazione: Москва, Юрайт, 2013
Edizione:2-е изд., перераб. и доп.
Serie:Бакалавр
Soggetti:
Natura: MixedMaterials Libro
KOHA link:https://koha.lib.tpu.ru/cgi-bin/koha/opac-detail.pl?biblionumber=233917

MARC

LEADER 00000nam0a2200000 4500
001 233917
005 20231101231259.0
010 |a 9785991624619 
035 |a (RuTPU)RU\TPU\book\255001 
035 |a RU\TPU\book\57479 
035 |a RU\TPU\book\230542 
090 |a 233917 
100 |a 20030828d2013 m y0rusy50 ca 
101 0 |a rus 
102 |a RU 
105 |a a j 001zy 
200 1 |a Банковское дело  |e учебник для бакалавров  |f Т. М. Костерина 
205 |a 2-е изд., перераб. и доп. 
210 |a Москва  |c Юрайт  |d 2013 
215 |a 332 с.  |c ил. 
225 1 |a Бакалавр 
320 |a Библиогр.: с. 300-305. 
320 |a Глоссарий: с. 290-299. 
330 |a Издание знакомит студентов с основами теории и практики современного банковского дела, особое внимание обращается на специфику становления и развития современной банковской и кредитно-финансовой систем России. Освоение изложенного материала в значительной степени рассчитано на самостоятельную работу студентов и слушателей вузов. Учебник должен служить навигатором в море обширной традиционной учебной, нормативно-правовой и научной литературы по вопросам функционирования банковской системы России. Соответствует Федеральному государственному образовательному стандарту высшего профессионального образования третьего поколения. 
606 1 |a Банковское дело  |2 stltpush  |3 (RuTPU)RU\TPU\subj\69888  |9 84550 
610 1 |a экономика 
610 1 |a финансы 
610 1 |a банки 
610 1 |a банковские риски 
610 1 |a банковское дело 
610 1 |a банковская система 
610 1 |a Россия 
610 1 |a ресурсы 
610 1 |a платежные системы 
610 1 |a расчетные операции 
610 1 |a кассовые операции 
610 1 |a кредитные операции 
610 1 |a ценные бумаги 
610 1 |a валютные операции 
610 1 |a внешнеэкономическая деятельность 
610 1 |a банковский маркетинг 
610 1 |a банковский менеджмент 
610 1 |a учебники 
686 |a У9(2)262.10я73  |v LBC/SL-A  |2 rubbk 
700 1 |a Костерина  |b Т. М.  |g Татьяна Михайловна 
712 0 2 |a Московский государственный университет экономики, статистики и информатики (МЭСИ)  |2 stltpush  |3 (RuTPU)RU\TPU\col\9704 
801 1 |a RU  |b 63413507  |c 20130314 
801 2 |a RU  |b 63413507  |c 20150526  |g RCR 
900 |a Банковское дело 
942 |c BK 
952 |b 030900 
959 |a 45/20130225  |d 7  |e 229,00  |f ЧЗГЛ:1  |f АНЛ:1  |f УФ:5